Mogiła rabacyjna na Cmentarzu Starym w Tarnowie
| Titel: | Mogiła rabacyjna na Cmentarzu Starym w Tarnowie : grób uczestników nieszczęsnych wydarzeń z lutego 1846 roku / Bogusław Andrzej Baczyński |
|---|---|
| Verfasser: | |
| Veröffentlicht: | Tarnów : Miejska Biblioteka Publiczna im. Juliusza Słowackiego, 2017 |
| Umfang: | 143 Seiten ; 23 cm |
| Format: | Buch |
| Sprache: | Polnisch |
| ISBN: | 9788361470960 |
alg: 43456362 001A $03004:02-08-18 001B $03004:17-10-18 $t15:46:04.000 001D $03004:17-10-18 001U $0utf8 001X $00 002@ $0Aau 002C $aText $btxt $2rdacontent 002D $aohne Hilfsmittel zu benutzen $bn $2rdamedia 002E $aBand $bnc $2rdacarrier 003@ $0434563625 004A $A978-83-61470-96-0 007A $0BV044965855 $aBVB 010@ $apol 010E $erda 011@ $a2017 021A $aMogiła rabacyjna na Cmentarzu Starym w Tarnowie $dgrób uczestników nieszczęsnych wydarzeń z lutego 1846 roku $hBogusław Andrzej Baczyński 028A $BVerfasser $4aut $7 $8Baczyński, Bogusław Andrzej [Tn3] $9437732517 033A $pTarnów $nMiejska Biblioteka Publiczna im. Juliusza Słowackiego 034D $a143 Seiten 034I $a23 cm 037A $aLiteraturverzeichnis Seite 133-140 044K $RTarnów $74704709-4 $8Cmentarz Stary$gTarnów [Tg1] $9107902575 044K $RAufstand $#Peasant uprisings $#Révoltes paysannes $#Revueltas campesinas $#Bauernrevolte $#Bauernunruhen $#Bauer Aufstand $74135275-0 $8Bauernaufstand [Ts1] $9085498386 044K $RGrab $#Mass burials $#Fosses communes $#Fosas comunes $74219335-7 $8Massengrab [Ts1] $9086130706 044K $RBestattung $RFriedhof $RGräberfeld $#Tombs $#Tombes $#Sepulcros $#Begräbnisstätte $#Begräbnisplatz $#Grabstätte $#Grablege Grab $#Gräber $74021716-4 $8Grab [Ts1] $9085053074 045F $a909 $eDDC23BSB 045F/01 $a909 045F/03 $f09034 045F/03 $g438 045R $aGeschichte 1846 045T $aOST $qDE-12 $2FID lok: 43456362 24 exp: 43456362 24 1 #EPN 201B/01 $017-10-18 $t15:42:49.000 201C/01 $002-08-18 201U/01 $0utf8 203@/01 $01025515617 208@/01 $a17-10-18 $bz 209A/01 $a18.07261 $du $f050 $h18 07261 $x00 209C/01 $a18.07261 K $h18 07261 K 209G/01 $a73562716 $x00 220C/01 $aho-sz 247C/01 $8358050-7Marburg, Bibliothek des Herder-Instituts Marburg $9102600961
| LEADER | 00000cam a2200000 c 4500 | ||
|---|---|---|---|
| 001 | 434563625 | ||
| 003 | DE-603 | ||
| 005 | 20181017154604.0 | ||
| 007 | tu | ||
| 008 | 180802s2017 xx |||| | u00||u|pol c | ||
| 020 | |a 9788361470960 | ||
| 035 | |a (DE-599)BVBBV044965855 | ||
| 040 | |a DE-603 |b ger |c DE-603 |d DE-603 |e rda | ||
| 041 | |a pol | ||
| 082 | 0 | 4 | |8 1\u |a 909 |q DE-101 |2 23/BSB |
| 084 | |a OST |q DE-12 |2 fid | ||
| 085 | |8 1\u |b 909 | ||
| 085 | |8 1\u |z 1 |s 09034 | ||
| 085 | |8 1\u |z 2 |s 438 | ||
| 100 | 1 | |a Baczyński, Bogusław Andrzej |e Verfasser |4 aut |0 (DE-603)437732517 | |
| 245 | 0 | 0 | |a Mogiła rabacyjna na Cmentarzu Starym w Tarnowie |b grób uczestników nieszczęsnych wydarzeń z lutego 1846 roku |c Bogusław Andrzej Baczyński |
| 264 | 1 | |a Tarnów |b Miejska Biblioteka Publiczna im. Juliusza Słowackiego |c 2017 | |
| 300 | |a 143 Seiten |c 23 cm | ||
| 336 | |a Text |b txt |2 rdacontent | ||
| 337 | |a ohne Hilfsmittel zu benutzen |b n |2 rdamedia | ||
| 338 | |a Band |b nc |2 rdacarrier | ||
| 500 | |a Literaturverzeichnis Seite 133-140 | ||
| 648 | 7 | |a Geschichte 1846 |2 gnd | |
| 650 | 7 | |a Bauernaufstand |0 (DE-588)4135275-0 |0 (DE-603)085498386 |2 gnd | |
| 650 | 7 | |a Massengrab |0 (DE-588)4219335-7 |0 (DE-603)086130706 |2 gnd | |
| 650 | 7 | |a Grab |0 (DE-588)4021716-4 |0 (DE-603)085053074 |2 gnd | |
| 651 | 7 | |a Cmentarz Stary |g Tarnów |0 (DE-588)4704709-4 |0 (DE-603)107902575 |2 gnd | |
| 924 | 0 | |9 Mb 50 |a (DE-603)1025515617 |b DE-Mb50 |c HES |d c |g 18.07261 | |


